Library Banner

Government intervention in Pakistan's cotton sector (Record no. 17622)

MARC details
000 -LEADER
fixed length control field 00498nam a2200181Ia 4500
001 - CONTROL NUMBER
control field 17195
003 - CONTROL NUMBER IDENTIFIER
control field PK-LaUMT
005 - DATE AND TIME OF LATEST TRANSACTION
control field 20221004172731.0
008 - FIXED-LENGTH DATA ELEMENTS--GENERAL INFORMATION
fixed length control field 140405s9999 xx 000 0 und d
040 ## - CATALOGING SOURCE
Transcribing agency PK-LaUMT
082 ## - DEWEY DECIMAL CLASSIFICATION NUMBER
Classification number W 677.0095491
Item number END-G
100 ## - MAIN ENTRY--PERSONAL NAME
Personal name Gary Ender
245 ## - TITLE STATEMENT
Title Government intervention in Pakistan's cotton sector
Statement of responsibility, etc Gary Ender
260 ## - PUBLICATION, DISTRIBUTION, ETC. (IMPRINT)
Place of publication, distribution, etc Washington,USA:
Name of publisher, distributor, etc United States Department of Agriculture,
Date of publication, distribution, etc 1990
300 ## - PHYSICAL DESCRIPTION
Extent 53 p.
546 ## - LANGUAGE NOTE
Language note EN
942 ## - ADDED ENTRY ELEMENTS (KOHA)
Koha item type Permanently weeded out collection
Source of classification or shelving scheme Dewey Decimal Classification
Holdings
Withdrawn status Lost status Source of classification or shelving scheme Damaged status Not for loan Home library Current library Date acquired Total Checkouts Full call number Barcode Date last seen Price effective from Koha item type
    Dewey Decimal Classification     UMT Main Campus UMT Main Campus 2014-04-05   W 677.0095491 END-G 18830 2014-04-22 2014-04-22 Books
    Dewey Decimal Classification     UMT Main Campus UMT Main Campus 2014-06-17   W 677.0095491 END-G 18831 2014-06-17 2014-06-17 Books